Normal view MARC view
  • Khan, Huma Dad

Entry Personal Name

Number of records used in: 1

001 - CONTROL NUMBER

  • control field: 18165

003 - CONTROL NUMBER IDENTIFIER

  • control field: NUST

005 - DATE AND TIME OF LATEST TRANSACTION

  • control field: 20190719053442.0

008 - FIXED-LENGTH DATA ELEMENTS

  • fixed length control field: 190719|| aca||aabn | a|a d

040 ## - CATALOGING SOURCE

  • Original cataloging agency: NUST
  • Transcribing agency: NUST

100 ## - HEADING--PERSONAL NAME

  • Personal name: Khan, Huma Dad

670 ## - SOURCE DATA FOUND

  • Source citation: Work cat.: (NUST): Khan, Huma Dad, Examining complementarity / Substitutability between public and private sector investment in Pakistan /, 2013.
© 2023 Central Library, National University of Sciences and Technology. All Rights Reserved.